Unconditional love : (Record no. 27755)

MARC details
000 -LEADER
fixed length control field 01545cam a2200421 i 4500
001 - CONTROL NUMBER
control field 19293097
003 - CONTROL NUMBER IDENTIFIER
control field BDDh-ASL
005 - DATE AND TIME OF LATEST TRANSACTION
control field 20231015030807.0
008 - FIXED-LENGTH DATA ELEMENTS--GENERAL INFORMATION
fixed length control field 160329s2016 bg a b 001 0deng d
010 ## - LIBRARY OF CONGRESS CONTROL NUMBER
LC control number 2016319060
020 ## - INTERNATIONAL STANDARD BOOK NUMBER
International Standard Book Number 9789849144861
020 ## - INTERNATIONAL STANDARD BOOK NUMBER
International Standard Book Number 9849144866
025 ## - OVERSEAS ACQUISITION NUMBER
Overseas acquisition number B-E-2016319060; 22-92
035 ## - SYSTEM CONTROL NUMBER
System control number (OCoLC)ocn945650397
035 ## - SYSTEM CONTROL NUMBER
System control number (OCoLC)945650397
037 ## - SOURCE OF ACQUISITION
Source of stock number/acquisition Library of Congress -- New Delhi Overseas Office
040 ## - CATALOGING SOURCE
Original cataloging agency DKAGE
Language of cataloging eng
Description conventions rda
Transcribing agency DKAGE
Modifying agency OCLCF
-- OCLCQ
-- DLC
-- BDDh-ASL
042 ## - AUTHENTICATION CODE
Authentication code lccopycat
-- lcode
043 ## - GEOGRAPHIC AREA CODE
Geographic area code a-bg---
-- n-cn---
050 00 - LIBRARY OF CONGRESS CALL NUMBER
Classification number HV875.5
Item number .C46 2016
082 04 - DEWEY DECIMAL CLASSIFICATION NUMBER
Classification number 954.9205
Edition number 23
Item number CHU
100 1# - MAIN ENTRY--PERSONAL NAME
Personal name Chowdhury, Mustafa,
Dates associated with a name 1942-
Relator term author.
245 10 - TITLE STATEMENT
Title Unconditional love :
Remainder of title story of adoption of 1971 war babies /
Statement of responsibility, etc. Mustafa Chowdhury.
264 #1 - PRODUCTION, PUBLICATION, DISTRIBUTION, MANUFACTURE, AND COPYRIGHT NOTICE
Place of production, publication, distribution, manufacture Dhaka, Bangladesh :
Name of producer, publisher, distributor, manufacturer Academic Press and Publishers Library,
Date of production, publication, distribution, manufacture, or copyright notice 2016.
300 ## - PHYSICAL DESCRIPTION
Extent lix, 537 pages :
Other physical details illustrations (black and white) ;
Dimensions 24 cm.
336 ## - CONTENT TYPE
Content type term text
Content type code txt
Source rdacontent
337 ## - MEDIA TYPE
Media type term unmediated
Media type code n
Source rdamedia
338 ## - CARRIER TYPE
Carrier type term volume
Carrier type code nc
Source rdacarrier
504 ## - BIBLIOGRAPHY, ETC. NOTE
Bibliography, etc. note Includes bibliographical references and index.
650 #0 - SUBJECT ADDED ENTRY--TOPICAL TERM
Topical term or geographic name entry element Intercountry adoption
Geographic subdivision Canada.
650 #0 - SUBJECT ADDED ENTRY--TOPICAL TERM
Topical term or geographic name entry element Children of war casualties
Geographic subdivision Bangladesh.
650 #0 - SUBJECT ADDED ENTRY--TOPICAL TERM
Topical term or geographic name entry element Adoptive parents
Geographic subdivision Canada.
651 #0 - SUBJECT ADDED ENTRY--GEOGRAPHIC NAME
Geographic name Bangladesh
General subdivision History
Chronological subdivision Revolution, 1971
General subdivision Children.
651 #0 - SUBJECT ADDED ENTRY--GEOGRAPHIC NAME
Geographic name Bangladesh
General subdivision History
Chronological subdivision Revolution, 1971
General subdivision Atrocities.
906 ## - LOCAL DATA ELEMENT F, LDF (RLIN)
a 7
b cbc
c copycat
d 3
e ncip
f 20
g y-gencatlg
942 ## - ADDED ENTRY ELEMENTS (KOHA)
Source of classification or shelving scheme Dewey Decimal Classification
Koha item type Books
Holdings
Withdrawn status Lost status Source of classification or shelving scheme Damaged status Not for loan Collection code Home library Current library Shelving location Date acquired Source of acquisition Total Checkouts Full call number Barcode Date last seen Copy number Price effective from Koha item type
    Dewey Decimal Classification     Non-fiction Asiatic Society Library Asiatic Society Library General Stacks 11/09/2021 Complimentary   954.9205 CHU 113942 11/09/2021 C-1 11/09/2021 Books

Powered by Koha